Spotřebitelské obaly
Obalové sklo - krátka história výroby. Definícia a vlastnosti skla. Zloženie obalového skla. Technológia výroby obalového skla. Druhy obalového skla. Obalové sklo nápojové. Obalové sklo konzervové. Balenie, manipulácia a preprava obalového skla.
Gespeichert in:
| 1. Verfasser: | |
|---|---|
| Format: | Buchkapitel |
| Sprache: | Tschechisch |
| Schlagworte: | |
| Tags: |
Keine Tags, Fügen Sie das erste Tag hinzu!
|
MARC
| LEADER | 00000naa$a2200000$$$4500 | ||
|---|---|---|---|
| 001 | 0090117 | ||
| 005 | 20231129094953.6 | ||
| 041 | 0 | |a cze | |
| 044 | |a CZ | ||
| 245 | 1 | 0 | |a Spotřebitelské obaly |c Miloslav Vítek |
| 520 | |a Obalové sklo - krátka história výroby. Definícia a vlastnosti skla. Zloženie obalového skla. Technológia výroby obalového skla. Druhy obalového skla. Obalové sklo nápojové. Obalové sklo konzervové. Balenie, manipulácia a preprava obalového skla. | ||
| 610 | 2 | 0 | |a obaly |
| 610 | 2 | 0 | |a balenie |
| 610 | 2 | 0 | |a sklo |
| 610 | 2 | 0 | |a priemysel sklársky |
| 610 | 2 | 0 | |a technológia výroby |
| 610 | 2 | 0 | |a preprava |
| 100 | 1 | |a Vítek, Miloslav | |